Selected themes in African development studies: Economic growth, governance and the environment (Record no. 567)

MARC details
000 -LEADER
fixed length control field 00591nam a2200169Ia 4500
008 - FIXED-LENGTH DATA ELEMENTS--GENERAL INFORMATION
fixed length control field 240428s9999||||xx |||||||||||||| ||und||
020 ## - INTERNATIONAL STANDARD BOOK NUMBER
International Standard Book Number 9783319358970
041 ## - LANGUAGE CODE
Language code of text/sound track or separate title eng
082 ## - DEWEY DECIMAL CLASSIFICATION NUMBER
Classification number 338.9A
100 ## - MAIN ENTRY--PERSONAL NAME
Personal name Asuelime, Lucky - Yaro, Joseph
245 #0 - TITLE STATEMENT
Title Selected themes in African development studies: Economic growth, governance and the environment
260 ## - PUBLICATION, DISTRIBUTION, ETC.
Name of publisher, distributor, etc. Springer
Place of publication, distribution, etc. New York, NY
Date of publication, distribution, etc. 2014
300 ## - PHYSICAL DESCRIPTION
Extent vi, 148p,photos, tabs illus
650 ## - SUBJECT ADDED ENTRY--TOPICAL TERM
Topical term or geographic name entry element economic policy --Ghana - Development economics. - Environmental economics. - International Political Economy.
942 ## - ADDED ENTRY ELEMENTS (KOHA)
Koha item type Books
Holdings
Withdrawn status Lost status Damaged status Not for loan Home library Current library Shelving location Date acquired Total checkouts Full call number Date last seen Copy number Price effective from Koha item type
        Main Library Main Library Open Shelves 08/02/2022   338.9A 01166 C1 29/04/2024 1 29/04/2024 Books
©2026  Parliament of Ghana Library - All rights reserved